{"text_format":"3","workbook":"xlsx","n_sheets":1,"sheets":["t570"],"read":"whole","date_system":"1900"}

{"sheet":"t570","index":0,"n_rows":187,"n_cols":7,"rows_kept":187,"merged":[[0,0,0,6],[28,0,28,5],[42,0,42,5],[159,0,159,5]]}
["TABELA 570.1 - Estatísticas Agrícolas, Município de Sertãozinho, Estado de São Paulo, 2016/17."]
["ITEM","UNIDADE","N.DE UPAs","MÍNIMO","MÉDIO","MÁXIMO","TOTAL"]
["Distância à sede do município","km",589,{"v":0,"d":"0.0"},{"v":7.22,"d":"7.2"},{"v":22,"d":"22.0"},"-"]
["Área total","hectare",589,0.2,{"v":59.64,"d":"59.6"},{"v":2320,"d":"2,320.0"},{"v":35128.91,"d":"35,128.9"}]
["Área com cultura perene","hectare",5,0.2,{"v":0.58,"d":"0.6"},{"v":2,"d":"2.0"},2.9]
["Área com cultura temporária","hectare",569,0.2,{"v":49.73,"d":"49.7"},{"v":1446,"d":"1,446.0"},{"v":28293.7,"d":"28,293.7"}]
["Área com pastagem","hectare",34,0.3,{"v":39.36,"d":"39.4"},{"v":1051,"d":"1,051.0"},{"v":1338.4,"d":"1,338.4"}]
["Área com reflorestamento","hectare",8,0.5,4.7,16.9,37.6]
["Área com vegetação natural","hectare",124,{"v":0.07,"d":"0.1"},{"v":18.11,"d":"18.1"},{"v":890,"d":"890.0"},{"v":2245.9,"d":"2,245.9"}]
["Área com vegetação de brejo e várzea","hectare",73,0.2,{"v":14.45,"d":"14.5"},248.3,{"v":1054.8,"d":"1,054.8"}]
["Área em descanso","hectare",11,0.8,{"v":2.51,"d":"2.5"},10.8,27.6]
["Área complementar","hectare",243,0.1,{"v":8.76,"d":"8.8"},167.6,{"v":2128.01,"d":"2,128.0"}]
["Área das UPAs com (0, 1] ha","hectare",7,0.2,{"v":0.54,"d":"0.5"},{"v":1,"d":"1.0"},3.8]
["Área das UPAs com (1, 2] ha","hectare",16,1.2,{"v":1.68,"d":"1.7"},{"v":2,"d":"2.0"},26.9]
["Área das UPAs com (2, 5] ha","hectare",79,2.1,{"v":3.68,"d":"3.7"},{"v":5,"d":"5.0"},{"v":290.41,"d":"290.4"}]
["Área das UPAs com (5, 10] ha","hectare",124,5.1,7.7,{"v":10,"d":"10.0"},954.6]
["Área das UPAs com (10, 20] ha","hectare",167,10.1,{"v":14.16,"d":"14.2"},19.9,{"v":2363.9,"d":"2,363.9"}]
["Área das UPAs com (20, 50] ha","hectare",111,20.1,30.4,49.2,{"v":3374,"d":"3,374.0"}]
["Área das UPAs com (50, 100] ha","hectare",38,50.8,{"v":71.26,"d":"71.3"},{"v":95,"d":"95.0"},{"v":2707.9,"d":"2,707.9"}]
["Área das UPAs com (100, 200] ha","hectare",14,102.8,{"v":147.57,"d":"147.6"},195.8,{"v":2066,"d":"2,066.0"}]
["Área das UPAs com (200, 500] ha","hectare",14,{"v":213,"d":"213.0"},{"v":350.18,"d":"350.2"},491.4,{"v":4902.5,"d":"4,902.5"}]
["Área das UPAs com (500, 1.000] ha","hectare",10,576.8,{"v":692.98,"d":"693.0"},{"v":839,"d":"839.0"},{"v":6929.8,"d":"6,929.8"}]
["Área das UPAs com (1.000, 2.000] ha","hectare",8,{"v":1021.6,"d":"1,021.6"},{"v":1148.64,"d":"1,148.6"},{"v":1610.3,"d":"1,610.3"},{"v":9189.1,"d":"9,189.1"}]
["Área das UPAs com (2.000, 5.000] ha","hectare",1,{"v":2320,"d":"2,320.0"},{"v":2320,"d":"2,320.0"},{"v":2320,"d":"2,320.0"},{"v":2320,"d":"2,320.0"}]
["Área das UPAs com (5.000, 10.000] ha","hectare","-","-","-","-","-"]
["Área das UPAs acima de 10.000 ha","hectare","-","-","-","-","-"]
["Fonte: Secretaria de Agricultura e Abastecimento, CDRS/IEA, Projeto LUPA."]
[]
["TABELA 570.2 - Explorações Animais, Município de Sertãozinho, Estado de São Paulo, 2016/17."]
["ITEM","UNIDADE","N.DE UPAs","MÍNIMO","MÉDIO","MÁXIMO","TOTAL"]
["Asininos e muares","cabecas",2,{"v":1,"d":"1.0"},4.5,{"v":8,"d":"8.0"},{"v":9,"d":"9.0"}]
["Avicultura de corte","cabecas/ano",1,{"v":1100000,"d":"1,100,000.0"},{"v":1100000,"d":"1,100,000.0"},{"v":1100000,"d":"1,100,000.0"},{"v":1100000,"d":"1,100,000.0"}]
["Bovinocultura de corte","cabecas",3,{"v":46,"d":"46.0"},{"v":742.67,"d":"742.7"},{"v":2108,"d":"2,108.0"},{"v":2228,"d":"2,228.0"}]
["Bovinocultura leiteira","cabecas",3,{"v":15,"d":"15.0"},{"v":48.33,"d":"48.3"},{"v":90,"d":"90.0"},{"v":145,"d":"145.0"}]
["Bovinocultura mista","cabecas",12,{"v":8,"d":"8.0"},{"v":42.92,"d":"42.9"},{"v":130,"d":"130.0"},{"v":515,"d":"515.0"}]
["Bubalinocultura","cabecas",1,{"v":6,"d":"6.0"},{"v":6,"d":"6.0"},{"v":6,"d":"6.0"},{"v":6,"d":"6.0"}]
["Caprinocultura","cabecas",2,{"v":20,"d":"20.0"},22.5,{"v":25,"d":"25.0"},{"v":45,"d":"45.0"}]
["Equinocultura","cabecas",14,{"v":1,"d":"1.0"},{"v":8.64,"d":"8.6"},{"v":45,"d":"45.0"},{"v":121,"d":"121.0"}]
["Ovinocultura","cabecas",10,{"v":5,"d":"5.0"},35.7,{"v":120,"d":"120.0"},{"v":357,"d":"357.0"}]
["Suinocultura","cabecas",4,{"v":8,"d":"8.0"},{"v":27,"d":"27.0"},{"v":70,"d":"70.0"},{"v":108,"d":"108.0"}]
["Fonte: Secretaria de Agricultura e Abastecimento, CDRS/IEA, Projeto LUPA."]
[]
["TABELA 570.3 -  Máquinas, Implementos e Benfeitorias, Município de Sertãozinho, Estado de São Paulo, 2016/17."]
["ITEM","UNIDADE","N.DE UPAs","MÍNIMO","MÉDIO","MÁXIMO","TOTAL"]
["Arado comum (bacia, aiveca)","unidade",28,{"v":1,"d":"1.0"},{"v":1.61,"d":"1.6"},{"v":8,"d":"8.0"},{"v":45,"d":"45.0"}]
["Arado escarificador","unidade",49,{"v":1,"d":"1.0"},{"v":2.47,"d":"2.5"},{"v":49,"d":"49.0"},{"v":121,"d":"121.0"}]
["Arado subsolador","unidade",45,{"v":1,"d":"1.0"},{"v":1.64,"d":"1.6"},{"v":15,"d":"15.0"},{"v":74,"d":"74.0"}]
["Batedeira de cereais","unidade",5,{"v":1,"d":"1.0"},1.8,{"v":3,"d":"3.0"},{"v":9,"d":"9.0"}]
["Camara fria","unidade",6,{"v":1,"d":"1.0"},{"v":2.17,"d":"2.2"},{"v":6,"d":"6.0"},{"v":13,"d":"13.0"}]
["Carregadeira de cana","unidade",25,{"v":1,"d":"1.0"},{"v":2.72,"d":"2.7"},{"v":28,"d":"28.0"},{"v":68,"d":"68.0"}]
["Colhedeira acoplada","unidade",19,{"v":1,"d":"1.0"},{"v":2.05,"d":"2.1"},{"v":4,"d":"4.0"},{"v":39,"d":"39.0"}]
["Colhedeira automotriz","unidade",3,{"v":2,"d":"2.0"},{"v":12,"d":"12.0"},{"v":30,"d":"30.0"},{"v":36,"d":"36.0"}]
["Computador","unidade",5,{"v":1,"d":"1.0"},4.4,{"v":14,"d":"14.0"},{"v":22,"d":"22.0"}]
["Conj.irrigacao autopropelido","unidade",1,{"v":4,"d":"4.0"},{"v":4,"d":"4.0"},{"v":4,"d":"4.0"},{"v":4,"d":"4.0"}]
["Conj.irrigacao convencional","unidade",4,{"v":1,"d":"1.0"},2.5,{"v":7,"d":"7.0"},{"v":10,"d":"10.0"}]
["Conj.irrigacao/gotejamento/microaspersao","unidade",1,{"v":1,"d":"1.0"},{"v":1,"d":"1.0"},{"v":1,"d":"1.0"},{"v":1,"d":"1.0"}]
["Conjunto de fenacao","unidade",3,{"v":1,"d":"1.0"},{"v":1.67,"d":"1.7"},{"v":3,"d":"3.0"},{"v":5,"d":"5.0"}]
["Desintegrador de palha (plantio direto)","unidade",2,{"v":2,"d":"2.0"},{"v":2,"d":"2.0"},{"v":2,"d":"2.0"},{"v":4,"d":"4.0"}]
["Desintegrador, picador, triturador","unidade",29,{"v":1,"d":"1.0"},{"v":1.14,"d":"1.1"},{"v":2,"d":"2.0"},{"v":33,"d":"33.0"}]
["Distribuidor de calcario","unidade",14,{"v":1,"d":"1.0"},3.5,{"v":36,"d":"36.0"},{"v":49,"d":"49.0"}]
["Embarcação","unidade",1,{"v":3,"d":"3.0"},{"v":3,"d":"3.0"},{"v":3,"d":"3.0"},{"v":3,"d":"3.0"}]
["Ensiladeira","unidade",8,{"v":1,"d":"1.0"},1.5,{"v":3,"d":"3.0"},{"v":12,"d":"12.0"}]
["Grade aradora (tipo romi)","unidade",30,{"v":1,"d":"1.0"},{"v":2.87,"d":"2.9"},{"v":33,"d":"33.0"},{"v":86,"d":"86.0"}]
["Grade niveladora","unidade",21,{"v":1,"d":"1.0"},{"v":1.38,"d":"1.4"},{"v":3,"d":"3.0"},{"v":29,"d":"29.0"}]
["Misturador de racao","unidade",2,{"v":1,"d":"1.0"},{"v":1,"d":"1.0"},{"v":1,"d":"1.0"},{"v":2,"d":"2.0"}]
["Mmicrotrator","unidade",2,{"v":1,"d":"1.0"},5.5,{"v":10,"d":"10.0"},{"v":11,"d":"11.0"}]
["Ordenhadeira mecanica","unidade",2,{"v":1,"d":"1.0"},1.5,{"v":2,"d":"2.0"},{"v":3,"d":"3.0"}]
["Pulverizador tratorizado","unidade",39,{"v":1,"d":"1.0"},{"v":4.15,"d":"4.2"},{"v":69,"d":"69.0"},{"v":162,"d":"162.0"}]
["Retroescavadeira","unidade",1,{"v":2,"d":"2.0"},{"v":2,"d":"2.0"},{"v":2,"d":"2.0"},{"v":2,"d":"2.0"}]
["Roçadeira costal","unidade",1,{"v":1,"d":"1.0"},{"v":1,"d":"1.0"},{"v":1,"d":"1.0"},{"v":1,"d":"1.0"}]
["Roçadeira tratorizada","unidade",2,{"v":1,"d":"1.0"},{"v":1,"d":"1.0"},{"v":1,"d":"1.0"},{"v":2,"d":"2.0"}]
["Semeadeira/adubadeira para plantio convencional","unidade",15,{"v":1,"d":"1.0"},{"v":3.73,"d":"3.7"},{"v":35,"d":"35.0"},{"v":56,"d":"56.0"}]
["Semeadeira/plantadeira plantio direto","unidade",25,{"v":1,"d":"1.0"},{"v":1.44,"d":"1.4"},{"v":4,"d":"4.0"},{"v":36,"d":"36.0"}]
["Terraceador","unidade",6,{"v":1,"d":"1.0"},{"v":1.33,"d":"1.3"},{"v":2,"d":"2.0"},{"v":8,"d":"8.0"}]
["Trator de esteiras","unidade",3,{"v":1,"d":"1.0"},{"v":2.33,"d":"2.3"},{"v":3,"d":"3.0"},{"v":7,"d":"7.0"}]
["Trator de pneus  acima de 85 cv","unidade",72,{"v":1,"d":"1.0"},{"v":5.99,"d":"6.0"},{"v":121,"d":"121.0"},{"v":431,"d":"431.0"}]
["Trator de pneus até 65 cv","unidade",1,{"v":5,"d":"5.0"},{"v":5,"d":"5.0"},{"v":5,"d":"5.0"},{"v":5,"d":"5.0"}]
["Trator de pneus de 66 cv a 85 cv","unidade",4,{"v":2,"d":"2.0"},{"v":2.75,"d":"2.8"},{"v":3,"d":"3.0"},{"v":11,"d":"11.0"}]
["Acude/represa","unidade",27,{"v":1,"d":"1.0"},{"v":1.81,"d":"1.8"},{"v":7,"d":"7.0"},{"v":49,"d":"49.0"}]
["Almoxarifado/oficina","unidade",13,{"v":1,"d":"1.0"},{"v":1.92,"d":"1.9"},{"v":7,"d":"7.0"},{"v":25,"d":"25.0"}]
["Armazem para graos ensacados","sacas",6]
["Balanca para bovinos","unidade",4,{"v":1,"d":"1.0"},{"v":1,"d":"1.0"},{"v":1,"d":"1.0"},{"v":4,"d":"4.0"}]
["Balanca para veiculos","unidade",3,{"v":1,"d":"1.0"},{"v":1.67,"d":"1.7"},{"v":2,"d":"2.0"},{"v":5,"d":"5.0"}]
["Barracao para cultivo de cogumelo","unidade",1,{"v":1,"d":"1.0"},{"v":1,"d":"1.0"},{"v":1,"d":"1.0"},{"v":1,"d":"1.0"}]
["Barracao para granja/avicultura","unidade",1,{"v":16,"d":"16.0"},{"v":16,"d":"16.0"},{"v":16,"d":"16.0"},{"v":16,"d":"16.0"}]
["Barracao/galpao/garagem","unidade",80,{"v":1,"d":"1.0"},{"v":1.45,"d":"1.5"},{"v":6,"d":"6.0"},{"v":116,"d":"116.0"}]
["Casa de moradia habitada","unidade",132,{"v":1,"d":"1.0"},{"v":2.61,"d":"2.6"},{"v":50,"d":"50.0"},{"v":344,"d":"344.0"}]
["Casa de moradia total","unidade",141,{"v":1,"d":"1.0"},{"v":2.76,"d":"2.8"},{"v":50,"d":"50.0"},{"v":389,"d":"389.0"}]
["Curral/mangueira","unidade",27,{"v":1,"d":"1.0"},{"v":1.19,"d":"1.2"},{"v":3,"d":"3.0"},{"v":32,"d":"32.0"}]
["Deposito/tulha","unidade",53,{"v":1,"d":"1.0"},{"v":1.19,"d":"1.2"},{"v":4,"d":"4.0"},{"v":63,"d":"63.0"}]
["Engenho","unidade",1,{"v":1,"d":"1.0"},{"v":1,"d":"1.0"},{"v":1,"d":"1.0"},{"v":1,"d":"1.0"}]
["Estabulo","unidade",4,{"v":1,"d":"1.0"},{"v":1,"d":"1.0"},{"v":1,"d":"1.0"},{"v":4,"d":"4.0"}]
["Estacao/posto meteorologico","unidade",4,{"v":1,"d":"1.0"},{"v":1,"d":"1.0"},{"v":1,"d":"1.0"},{"v":4,"d":"4.0"}]
["Estufa/plasticultura","m2",2]
["Fabrica de racao","unidade",2,{"v":1,"d":"1.0"},{"v":1,"d":"1.0"},{"v":1,"d":"1.0"},{"v":2,"d":"2.0"}]
["Instalacoes para equinos","unidade",4,{"v":1,"d":"1.0"},{"v":2.25,"d":"2.3"},{"v":6,"d":"6.0"},{"v":9,"d":"9.0"}]
["Maquina de beneficio","unidade",1,{"v":1,"d":"1.0"},{"v":1,"d":"1.0"},{"v":1,"d":"1.0"},{"v":1,"d":"1.0"}]
["Olaria","unidade",1,{"v":1,"d":"1.0"},{"v":1,"d":"1.0"},{"v":1,"d":"1.0"},{"v":1,"d":"1.0"}]
["Pocilga","unidade",10,{"v":1,"d":"1.0"},1.2,{"v":3,"d":"3.0"},{"v":12,"d":"12.0"}]
["Poco semi-artesiano","unidade",15,{"v":1,"d":"1.0"},{"v":1.27,"d":"1.3"},{"v":3,"d":"3.0"},{"v":19,"d":"19.0"}]
["Secador de graos","unidade",1,{"v":1,"d":"1.0"},{"v":1,"d":"1.0"},{"v":1,"d":"1.0"},{"v":1,"d":"1.0"}]
["Silo para graos","ton",3]
["Silo para silagem","ton",5]
["Terreiro","m2",2]
["Usina de acucar/destilaria","unidade",3,{"v":1,"d":"1.0"},{"v":1,"d":"1.0"},{"v":1,"d":"1.0"},{"v":3,"d":"3.0"}]
["Fonte: Secretaria de Agricultura e Abastecimento, CDRS/IEA, Projeto LUPA."]
[]
["TABELA 570.4 - Outras Estatísticas Agrícolas, Município de Sertãozinho, Estado de São Paulo, 2016/17."]
["ITEM","Número de UPAs",null,"Percentual"]
["Faz Parte de Associação de Produtores",545,null,{"v":92.52971137521222,"d":"92.5"}]
["Faz Parte de Cooperativa de Produtores",566,null,{"v":96.09507640067912,"d":"96.1"}]
["Faz Parte do Sindicato de Produtores",545,null,{"v":92.52971137521222,"d":"92.5"}]
["Não utiliza assistência técnica ",48,null,{"v":8.149405772495756,"d":"8.1"}]
["Utiliza somente assistência técnica governamental ",13,null,{"v":2.2071307300509337,"d":"2.2"}]
["Utiliza somente assistência técnica privada ",436,null,{"v":74.02376910016977,"d":"74.0"}]
["Utiliza assistência técnica tanto governamental quanto privada",92,null,{"v":15.619694397283531,"d":"15.6"}]
["Utiliza Crédito Rural",164,null,{"v":27.843803056027166,"d":"27.8"}]
["Utiliza Seguro Rural",97,null,{"v":16.468590831918505,"d":"16.5"}]
["Utiliza Escrituração Agrícola",547,null,{"v":92.86926994906621,"d":"92.9"}]
["Acessa Internet p/ Fins na Agropecuária",35,null,{"v":5.942275042444822,"d":"5.9"}]
["Utiliza Computador nas Atividades Agropecuárias",57,null,{"v":9.67741935483871,"d":"9.7"}]
["Utiliza Energia Elétrica Para Uso na Atividade Agrícola",177,null,{"v":30.050933786078097,"d":"30.1"}]
["Utiliza Energia Alternativa",1,null,{"v":0.16977928692699493,"d":"0.2"}]
["Realiza Análise de Solo, quando necessário",519,null,{"v":88.11544991511036,"d":"88.1"}]
["Realiza Calagem",11,null,{"v":1.867572156196944,"d":"1.9"}]
["Utiliza Práticas de Conservação de Solo, quando necessário",555,null,{"v":94.22750424448216,"d":"94.2"}]
["Faz Adubação Mineral, quando necessário",504,null,{"v":85.56876061120542,"d":"85.6"}]
["Faz Adubação Orgânica, quando necessário",104,null,{"v":17.65704584040747,"d":"17.7"}]
["Faz Adubação Verde, quando necessário",31,null,{"v":5.2631578947368425,"d":"5.3"}]
["Utiliza Manejo Integrado de Pragas (MIP)",1,null,{"v":0.16977928692699493,"d":"0.2"}]
["Utiliza Hidroponia","-",null,"-"]
["Utiliza Cultivo em Estufa",3,null,{"v":0.5093378607809848,"d":"0.5"}]
["Utiliza Mudas Fiscalizadas",18,null,{"v":3.0560271646859083,"d":"3.1"}]
["Utiliza Semente Melhorada",41,null,{"v":6.960950764006792,"d":"7.0"}]
["Faz Confinamento de Bovinos",8,null,{"v":1.3582342954159594,"d":"1.4"}]
["Utiliza Pastejo Intensivo",14,null,{"v":2.376910016977929,"d":"2.4"}]
["Faz Inseminação Artificial",2,null,{"v":0.33955857385398985,"d":"0.3"}]
["Faz Mineralização do Rebanho",20,null,{"v":3.395585738539898,"d":"3.4"}]
["Faz Vermifugação do Rebanho",20,null,{"v":3.395585738539898,"d":"3.4"}]
["Possui Parceiros /Arrendatários na Exploração Animal",78,null,{"v":13.242784380305602,"d":"13.2"}]
["Existência de trabalhadores c/ deficiência na UPA","-",null,"-"]
["Esporte e lazer","-",null,"-"]
["Extração mineral","-",null,"-"]
["Hotel Fazenda, Pousada ou SPA","-",null,"-"]
["Pesque-pague",1,null,{"v":0.16977928692699493,"d":"0.2"}]
["Restaurante ou Lanchonete",1,null,{"v":0.16977928692699493,"d":"0.2"}]
["Transformação artesanal","-",null,"-"]
["Turismo rural ou ecoturismo","-",null,"-"]
["Outras atividades econômicas rurais","-",null,"-"]
["Agroindústria","-",null,"-"]
["Proprietário sem instrução ou com instrução incompleta",1,null,{"v":0.16977928692699493,"d":"0.2"}]
["Proprietário com antigo primário completo",312,null,{"v":52.97113752122241,"d":"53.0"}]
["Proprietário com 1° grau (ou antigo ginasial) completo",45,null,{"v":7.640067911714771,"d":"7.6"}]
["Proprietário com 2° grau (ou antigo colegial) completo",74,null,{"v":12.563667232597624,"d":"12.6"}]
["Proprietário com curso superior completo ",92,null,{"v":15.619694397283531,"d":"15.6"}]
["Pessoa Jurídica",65,null,{"v":11.03565365025467,"d":"11.0"}]
["Proprietário residente na própria UPA ",46,null,{"v":7.809847198641766,"d":"7.8"}]
["Fonte: Secretaria de Agricultura e Abastecimento, CDRS/IEA, Projeto LUPA."]
[]
["TABELA 570.5 - Área Cultivada, Município de Sertãozinho, Estado de São Paulo, 2016/17."]
["CULTURA","N.DE UPAs","MÍNIMO","MÉDIO","MÁXIMO","TOTAL"]
["Cana-de-acucar finalidade industria",552,0.2,{"v":50.42,"d":"50.4"},{"v":1446,"d":"1,446.0"},{"v":27833.6,"d":"27,833.6"}]
["Coloniao",1,{"v":701,"d":"701.0"},{"v":701,"d":"701.0"},{"v":701,"d":"701.0"},{"v":701,"d":"701.0"}]
["Amendoim",61,{"v":1,"d":"1.0"},10.9,{"v":120,"d":"120.0"},664.7]
["Braquiaria",6,{"v":1,"d":"1.0"},{"v":70.75,"d":"70.8"},{"v":350,"d":"350.0"},424.5]
["Milho safra",1,{"v":240,"d":"240.0"},{"v":240,"d":"240.0"},{"v":240,"d":"240.0"},{"v":240,"d":"240.0"}]
["Outras gramineas para pastagem",19,0.3,{"v":9.39,"d":"9.4"},40.8,178.4]
["Cana-de-acucar outras finalidades",9,{"v":3,"d":"3.0"},17.9,36.7,161.1]
["Soja",11,{"v":1,"d":"1.0"},{"v":9.18,"d":"9.2"},{"v":32,"d":"32.0"},{"v":101,"d":"101.0"}]
["Eucalipto",4,0.5,5.5,16.9,{"v":22,"d":"22.0"}]
["Gramas",7,{"v":1,"d":"1.0"},{"v":2.97,"d":"3.0"},4.9,20.8]
["Capim-napier (ou capim-elefante)",4,{"v":1,"d":"1.0"},{"v":3.43,"d":"3.4"},{"v":9,"d":"9.0"},13.7]
["Essencias Nativas",2,{"v":1,"d":"1.0"},5.3,9.6,10.6]
["Alface",6,0.1,{"v":0.83,"d":"0.8"},1.5,{"v":5,"d":"5.0"}]
["Outras florestais",2,{"v":2,"d":"2.0"},2.5,{"v":3,"d":"3.0"},{"v":5,"d":"5.0"}]
["Outras olericolas",7,0.2,0.7,{"v":1,"d":"1.0"},4.9]
["Couve (ou couve-crespa)",2,0.3,{"v":0.55,"d":"0.6"},0.8,1.1]
["Banana",1,{"v":1,"d":"1.0"},{"v":1,"d":"1.0"},{"v":1,"d":"1.0"},{"v":1,"d":"1.0"}]
["Cebolinha",3,0.1,{"v":0.17,"d":"0.2"},0.2,0.5]
["Cafe",2,0.2,{"v":0.25,"d":"0.3"},0.3,0.5]
["Laranja-azeda",1,0.5,0.5,0.5,0.5]
["Manga",1,0.5,0.5,0.5,0.5]
["Quiabo",1,0.2,0.2,0.2,0.2]
["Cidra",1,0.2,0.2,0.2,0.2]
["Outras frutiferas",1,0.2,0.2,0.2,0.2]
["Mandioca",1,0.2,0.2,0.2,0.2]
["Fonte: Secretaria de Agricultura e Abastecimento, CDRS/IEA, Projeto LUPA."]